Fundamentals of Computer Graphics and Multimedia (Record no. 3656)

MARC details
000 -LEADER
fixed length control field 00349nam a2200145Ia 4500
008 - FIXED-LENGTH DATA ELEMENTS--GENERAL INFORMATION
fixed length control field 191201s2008 xx 000 0 und d
082 ## - DEWEY DECIMAL CLASSIFICATION NUMBER
Classification number 006.7
Item number MUF
100 ## - MAIN ENTRY--PERSONAL NAME
Personal name MUKHERJEE, D P
245 #0 - TITLE STATEMENT
Title Fundamentals of Computer Graphics and Multimedia
250 ## - EDITION STATEMENT
Edition statement 11th
260 ## - PUBLICATION, DISTRIBUTION, ETC. (IMPRINT)
Place of publication, distribution, etc N.Delhi
Name of publisher, distributor, etc PHI
Date of publication, distribution, etc 2008
300 ## - PHYSICAL DESCRIPTION
Extent 182
650 ## - SUBJECT ADDED ENTRY--TOPICAL TERM
Topical term or geographic name as entry element MCA
942 ## - ADDED ENTRY ELEMENTS (KOHA)
Source of classification or shelving scheme Dewey Decimal Classification
Koha item type Text Books
Holdings
Withdrawn status Lost status Source of classification or shelving scheme Damaged status Not for loan Collection code Home library Current library Date acquired Source of acquisition Cost, normal purchase price Bill Number Total Checkouts Full call number Acc. no. / Barcode Date last seen Bill Date Koha item type Copy number
    Dewey Decimal Classification     MCA PIET C-LIBRARY PIET C-LIBRARY 19/12/2008 J B C, New Delhi 150.00 SI-4643   006.7 MUF 10431 04/12/2019 11/12/2008 Text Books  
    Dewey Decimal Classification     MCA PIET C-LIBRARY PIET C-LIBRARY 19/12/2008 J B C, New Delhi 150.00 SI-4643   006.7 MUF 10432 04/12/2019 11/12/2008 Text Books 006.7 MUF
    Dewey Decimal Classification     MCA PIET C-LIBRARY PIET C-LIBRARY 19/12/2008 J B C, New Delhi 150.00 SI-4643   006.7 MUF 10433 04/12/2019 11/12/2008 Text Books 006.7 MUF
    Dewey Decimal Classification     MCA PIET C-LIBRARY PIET C-LIBRARY 19/12/2008 J B C, New Delhi 150.00 SI-4643   006.7 MUF 10434 04/12/2019 11/12/2008 Text Books 006.7 MUF
    Dewey Decimal Classification     MCA PIET C-LIBRARY PIET C-LIBRARY 19/12/2008 J B C, New Delhi 150.00 SI-4643   006.7 MUF 10435 04/12/2019 11/12/2008 Text Books 006.7 MUF
    Dewey Decimal Classification     MCA PIET C-LIBRARY PIET C-LIBRARY 19/12/2008 J B C, New Delhi 150.00 SI-4643   006.7 MUF 10436 04/12/2019 11/12/2008 Text Books 006.7 MUF

Design & Developed by: PIET Central Library
R70 Miles Stone Pattikalyana Samalkha Panipat 132102
mail ID :- [email protected], Phone No:- 0180-2569700 Ex.216